| 000 | 00673nam a2200169 a 4500 | ||
|---|---|---|---|
| 003 | 0 | ||
| 005 | 20250620101023.0 | ||
| 008 | 021121s19uu xx 00 eng d | ||
| 050 |
_aPHS BF 697 _b.R98 2000 |
||
| 100 | _aRyu, InSun. | ||
| 245 |
_aThe Self concept and academic performance of selected fourth year students at Southville International School : _bschool year 1999-2000 / _cInSun Ryu. |
||
| 260 |
_aLas PiƱas City, Philippines : _bSouthville International School and Colleges, _c2000. |
||
| 300 |
_a40 pages : _billustrations ; _c28 cm. |
||
| 650 |
_aSelf-perception in adolescence _zPhilippines. |
||
| 650 |
_aAcademic achievement _zPhilippines. |
||
| 942 |
_2lcc _cPASS |
||
| 999 |
_c96306 _d96306 |
||